000 00754nam a2200265 i 4500
001 C2-0264626
003 PPAK
005 20180727232923.0
008 050504s2004 my a|||| ||||| | may d
020 _a9832106788
040 _aPPAK
_beng
_cPPAK
_erda
082 0 4 _a796.109595
_223
090 0 0 _a796.109595
_bFIE
_dK
100 0 _aFieda,
_eauthor
245 1 0 _aPermainan batu seremban
264 1 _aPetaling Jaya, Selangor :
_bOak Enterprise ,
_c2004
300 _a95 pages :
_billustrations ;
_c21 cm
336 _2rdacontent
_atext
337 _2rdamedia
_aunmediated
338 _2rdacarrier
_avolume
490 1 _aSiri permainan tradisional
650 1 0 _aBatu seremban - Malaysia
830 0 _aSiri permainan tradisional
942 _ddc
_cB
999 _c74429
_d74429